000 00588 a2200157 4500
999 _c686
_d686
020 _a9789990804843
050 _aHD31 DZI 2015
100 _aDzimbiri, Lewis B.
_eauthor
245 _aOrganisation and management theories :
_ban African focus : integrating structure, people, processes and the environment for human happiness /
_cLewis B. Dzimbiri
264 _aZomba, Malawi :
_bAcademic Books Publishers,
_cc2015
300 _axxvii, 231p. :
_bill.
500 _aIncludes bibliography
650 _aOrganisational behaviour
650 _aManagement
942 _2lcc
_cBK
_e2nd ed.
_h31
_iDZI
_kHD